Rome sweet home : (Record no. 1196)

MARC details
000 -LEADER
fixed length control field 01301cam a2200325 a 4500
005 - DATE AND TIME OF LATEST TRANSACTION
control field 20260322212050.0
006 - FIXED-LENGTH DATA ELEMENTS--ADDITIONAL MATERIAL CHARACTERISTICS
fixed length control field data
007 - PHYSICAL DESCRIPTION FIXED FIELD--GENERAL INFORMATION
fixed length control field data
008 - FIXED-LENGTH DATA ELEMENTS--GENERAL INFORMATION
fixed length control field data
010 ## - LIBRARY OF CONGRESS CONTROL NUMBER
LC control number 93079336
020 ## - INTERNATIONAL STANDARD BOOK NUMBER
International Standard Book Number 0898704782
020 ## - INTERNATIONAL STANDARD BOOK NUMBER
International Standard Book Number 9780898704785
040 ## - CATALOGING SOURCE
Original cataloging agency CtY
Language of cataloging eng
Transcribing agency CtY
042 ## - AUTHENTICATION CODE
Authentication code lccopycat
050 00 - LIBRARY OF CONGRESS CALL NUMBER
Classification number BX4668.H26
Item number A3 1993
092 ## - LOCALLY ASSIGNED DEWEY CALL NUMBER (OCLC)
Classification number 248.242 H346 1993
001 - CONTROL NUMBER
control field data
100 1# - MAIN ENTRY--PERSONAL NAME
Personal name Hahn, Scott.
245 10 - TITLE STATEMENT
Title Rome sweet home :
Remainder of title our journey to Catholicism /
Statement of responsibility, etc. Scott Hahn & Kimberly Hahn.
260 ## - PUBLICATION, DISTRIBUTION, ETC.
Place of publication, distribution, etc. San Francisco :
Name of publisher, distributor, etc. Ignatius Press,
Date of publication, distribution, etc. c1993.
300 ## - PHYSICAL DESCRIPTION
Extent 1 online resource
505 0# - FORMATTED CONTENTS NOTE
Formatted contents note 1. From the cradle to Christ -- 2. From ministry to marriage --3. New conceptions of the covenant -- 4. Teaching and living the covenant as a family -- 5. Scott's search for the church -- 6. One comes home to Rome -- 7. The struggles of a mixed marriage --8. A Rome-antic reunion -- 9. Catholic family life.
520 ## - SUMMARY, ETC.
Summary, etc. Scott and Kimberly Hahn tell the stories of their lives and religious backgrounds, and explain how they came to be converted to the Catholic faith.
600 10 - SUBJECT ADDED ENTRY--PERSONAL NAME
Personal name Hahn, Scott.
600 10 - SUBJECT ADDED ENTRY--PERSONAL NAME
Personal name Hahn, Kimberly.
650 #0 - SUBJECT ADDED ENTRY--TOPICAL TERM
Topical term or geographic name entry element Catholic converts
Form subdivision Biography.
650 #0 - SUBJECT ADDED ENTRY--TOPICAL TERM
Topical term or geographic name entry element Catholics
Form subdivision Biography.
700 1# - ADDED ENTRY--PERSONAL NAME
Personal name Hahn, Kimberly.
730 0# - ADDED ENTRY--UNIFORM TITLE
Uniform title Internet Archive Controlled Digital Lending.
Holdings
Withdrawn status Lost status Damaged status Not for loan Home library Current library Shelving location Date acquired Total checkouts Full call number Barcode Date last seen Price effective from Koha item type
        Institut Protestant de Théologie Institut Protestant de Théologie General stacks 22/03/2026   BX4668.H26 A3 1993 BC0011235 22/03/2026 22/03/2026 Books